000 00788nam a2200205 a 4500
001 000044813
005 20240223170016.0
008 150113s2014 dr 000 0 spa d
020 _a9789945891430
040 _aDO-SdBNP
_bspa
_cBNPHU
100 1 _aWells, Allen
_972839
245 1 3 _aUn sion Tropical :
_bel general Trujillo, Franklin Roosevelt y los judíos de Sosúa /
_ctraductorNatalia Sanz González.
260 _aSanto Domingo :
_bAcademia Dominicana de la Historia,
_c2014.
300 _a679 p. ;
_c25 cm.
490 1 _aAcademia Dominicana de la Historia
_v117
500 _aIncluye notas al pie de las páginas
500 _aIncluye datos biográficos del autor en al
700 1 _aSanz González, Natalia
_etr.
_972840
830 _aAcademia Dominicana de la Historia
_v117
_9770
999 _c44302
_d44302